00365nam a2200133Ia 4500008004000000082001300040100001900053245005900072250000500131260003800136300001100174440000600185650004000191210210b1988 xxu||||| |||| 00| 0 eng d a686 KESH aKESAVAN (B S). aHistory of printing and publishing in India. V2. Ed 1. a aIndia.bNational Book Trustc1988 axv,782 a2 aHistory Printing Publishing India